00648 a2200193 4500003000500000005001700005010001700022020001500039035002200054040000900076082001500085100002100100245007800121246003400199260004400233300002100277505012600298538003000424Nust20230208110031.0 a 2004328143 a8170491754 a(DLC) 2004328143 cNust a954.73,PAD1 aPadmanabhan, S.,14aThe writing on the wall, India checkmates America 2017 /cS. Padmanabhan.30aIndia checkmates America 2017 aNew Delhi :bManas Publications,c2004. a300 p. ;c23 cm. aPart 1: The Changed World Order (Page-11), Part 2: India on the March : 2003-2018 (Page-73), Part 3: Conflict (Page-165). aAlmirah No.63 Shelf No.1